| 000 | 00471nam a22001817a 4500 | ||
|---|---|---|---|
| 005 | 20230905190325.0 | ||
| 008 | 230718b |||||||| |||| 00| 0 eng d | ||
| 020 | _a9781580933315 | ||
| 082 |
_a728.092 _bGEO-M |
||
| 100 | _aGeorgis,William | ||
| 245 |
_aMake it fabulous _bThe Architecture and Designs |
||
| 260 |
_aChaina _bMonacelli Press _c2013 |
||
| 300 | _a247 | ||
| 500 | _ainclude index | ||
| 650 | _aarchitecture | ||
| 700 | _aWilliam T.Georgis | ||
| 999 |
_c26046 _d26046 |
||